Które państwo Afryki? - Statystyki

Ogólne statystyki
  • Ten quiz został rozwiązany 1 573 razy
  • Średni wynik to 10 z 15
Statystyki odpowiedzi
Zagadnienie Odpowiedź % Poprawnych
Które państwo gościło Mistrzostwa Świata w Piłce Nożnej 2010? Republika Południowej Afryki
89%
Które z tych państw ma największą powierzchnię? Czad
87%
W którym państwie jest Kilimandżaro? Tanzania
87%
Które państwo ma największą ludność? Nigeria
83%
Które państwo zostało skolonizowane przez Portugalczyków? Mozambik
79%
Które państwo powstało najpóźniej? Erytrea
76%
Stolica którego państwa została nazwana na cześć prezydenta USA? Liberia
74%
W którym współczesnym państwie znajdowało się starożytne miasto Kartagina? Tunezja
68%
Gdzie jest najbardziej wysunięty na zachód punkt Afryki? Senegal
65%
Które państwo graniczy z Nigrem? Burkina Faso
64%
Które państwo wyspiarskie słynęło z ptaka dodo? Mauritius
53%
Które państwo ma najwięcej afrykańskich słoni ze wszystkich państw? Botswana
51%
Które państwo ma najwyższy odsetek muzułmanów? Mauretania
42%
Przywódca którego państwa został obalony podczas Arabskiej Wiosny? Egipt
41%
W którym państwie znajduje się siedziba Unii Afrykańskiej? Etiopia
40%
Nie znaleziono quizów pasujących do podanych kryteriów
Rozkład punktacji
Procent ludzi z każdym wynikiem
Percentyl według liczby udzielonych odpowiedzi
Twoja historia wyników
Nie rozwiązałeś tego quizu